000 00533nam a2200169Ia 4500
008 090711s9999 xx 000 0 und d
082 _b49664
100 _aलाला आर. एम.
245 _aसमgध्दीSया मार्गावर
260 _c1984
300 _a267
600 _aलाला आर. एम.
630 _aसमgध्दीSया मार्गावर
700 _aलाला आर. एम.
730 _aसमgध्दीSया मार्गावर
942 _cBOOK
999 _c318851
_d318851